Les stations communes au métro parisien RATP et NAOLIB (Nantes) - Statistiques

Statistiques générales
  • Ce quiz a été pris 72 fois
  • Le résultat moyen est 4 sur 34
Statistiques - réponses
Réponse % Correct
Commerce
68%
République
42%
Jean Jaurès / Boulogne Jean Jaurès / Jaurès
32%
Châtelets / Châtelet
29%
Hôtel de Ville
27%
Felix Faure
24%
François Mitterand (Bibliothèque)
22%
Porte de la chapelle
12%
Bastille
10%
Saint-Michel
10%
Anatole France
8%
Madeleine
8%
Plaisance
8%
Zola (Avenue Emile)
8%
Bel Air
7%
Cambronne
7%
Gambetta
7%
Rennes (Longchamp)
7%
Curie (Pierre et Marie)
5%
Lilas (Mairie des)
5%
Louise Michel
5%
Danube
3%
Convention
3%
Saint-Jacques
3%
Saint-Paul (Salengro)
3%
Saint-Sebastien (Froissart)
3%
Pasteur
3%
(Saint-Martin)
3%
Europe
2%
Boissière
2%
Château d'Aux / Château d'Eau
2%
Léo Lagrange (Villejuif)
2%
Pyramide(s)
2%
Maraîchers
0%
Aucun quiz correspondant
Distribution des résultats
% des personnes avec chaque résultat
Percentile par nombre de réponses
Votre historique - résultats
Vous n’avez pas pris ce quiz